The Hunger Games - The Hanging Tree Lyrics - Statistics

General Stats
  • This quiz has been taken 9,602 times
  • The average score is 21 of 28
Answer Stats
Hint Answer % Correct
___ you, ___ you Are
99%
Coming to the ____ Tree
99%
___ ___, are you Are you
98%
Are you, ___ ___ Are you
98%
Strange things did ______ here Happen
94%
______ to the tree Coming
93%
If we met up at midnight in the _______ ____ Hanging tree
93%
No ________ would it be Stranger
90%
If we met up __ ________ in the hanging tree At midnight
85%
No stranger would __ __ It be
85%
Coming to ___ ____ The tree
85%
_______ ______ did happen here Strange things
83%
Strange things did happen ____ Here
82%
__ stranger would it be No
82%
___ ___, ___ ___ Are you, are you
81%
Coming __ ___ tree To the
79%
They say ________ three Murdered
78%
So we'd both be ____ Free
76%
If we ___ __ at midnight in the hanging tree Met up
70%
Where they ______ __ a man Strung up
69%
Strange things ___ ______ here Did happen
65%
No stranger _____ __ __ Would it be
65%
If we met up at midnight __ ___ _______ ____ In the hanging tree
60%
For his ____ __ ____ Love to flee
58%
Where the ____ ___ called out Dead man
57%
Where _ ____ ___ to run I told you
47%
Wear a ________ __ ____ Necklace of rope
34%
____ __ ____ with me Side by side
34%
No matching quizzes found
Score Distribution
Percent of People with Each Score
Percentile by Number Answered
Your Score History
You have not taken this quiz